عرض عادي
عرض مارك
- التعاون الإقليمي
دخول Topical Term
001 - CONTROL NUMBER
- control field: 29863
003 - CONTROL NUMBER IDENTIFIER
- control field: AE-AdECS
005 - DATE AND TIME OF LATEST TRANSACTION
- control field: 20260511073613.0
008 - FIXED-LENGTH DATA ELEMENTS
- fixed length control field: 260511|| aca||aabn | a|a d
040 ## - CATALOGING SOURCE
- Original cataloging agency: AE-AdECS
- Transcribing agency: AE-AdECS
150 ## - HEADING--TOPICAL TERM
- Topical term or geographic name entry element: التعاون الإقليمي
670 ## - SOURCE DATA FOUND
- Source citation: Work cat.: (AE-AdECS)295088: عبد الكريم، محمد، مؤلف. 29862, ليبيا بعد القذافي :
